[Event "Collado Villalba Grupo Gallinero op 1st"]
[Site "Collado Villalba"]
[Date "2022.08.15"]
[Round "6"]
[White "Guach Rodriguez, Marco Antonio"]
[Black "Lopez Nunez, Roberto"]
[Result "1-0"]
[WhiteElo "1541"]
[BlackElo "1831"]
[PlyCount "69"]
[EventDate "2022.08.12"]
[EventType "swiss"]
[EventRounds "9"]
[EventCountry "ESP"]
[SourceTitle "CBM 210 Extra"]
[Source "ChessBase"]
[SourceDate "2022.11.30"]
[SourceVersion "1"]
[SourceVersionDate "2022.11.30"]
[SourceQuality "1"]

1. e4 e6 2. d4 d5 3. Nd2 Nf6 4. e5 Nfd7 5. Bd3 c5 6. c3 Nc6 7. Ne2 cxd4 8. cxd4 f6 9. exf6 Nxf6 10. Nf3 Bd6 11. 0-0 Qc7 12. Bg5 0-0 13. Ng3 Bd7 14. Rc1 Bf4 15. Bxf4 Qxf4 16. Bb5 h5 17. Bxc6 Bxc6 18. Ne5 Bb5 19. Ng6 Qg4 20. Nxf8 Rxf8 21. f3 Qf4 22. Re1 h4 23. Nf1 Nh5 24. Re5 g6 25. Rxe6 Kf7 26. Re1 Bxf1 27. Rxf1 Ng3 28. Re1 Re8 29. Rxe8 Kxe8 30. hxg3 hxg3 31. Qe2+ Kd8 32. Re1 Qxd4+ 33. Kf1 a6 34. Qe8+ Kc7 35. Qe5+ 1-0

[Event "Collado Villalba Grupo Gallinero op 1st"]
[Site "Collado Villalba"]
[Date "2022.08.14"]
[Round "4"]
[White "Jimenez Carrazoni, Marta Elena"]
[Black "Lopez Nunez, Roberto"]
[Result "0-1"]
[WhiteElo "1565"]
[BlackElo "1831"]
[PlyCount "56"]
[EventDate "2022.08.12"]
[EventType "swiss"]
[EventRounds "9"]
[EventCountry "ESP"]
[SourceTitle "CBM 210 Extra"]
[Source "ChessBase"]
[SourceDate "2022.11.30"]
[SourceVersion "1"]
[SourceVersionDate "2022.11.30"]
[SourceQuality "1"]

1. d4 Nf6 2. c4 g6 3. Nc3 d5 4. cxd5 Nxd5 5. Bd2 Nb6 6. Bg5 Bg7 7. e3 c5 8. dxc5 N6d7 9. Nf3 0-0 10. Rc1 Nc6 11. Bb5 Qa5 12. Bxc6 bxc6 13. Bxe7 Re8 14. Bd6 Ba6 15. Nd4 Nxc5 16. Bxc5 Qxc5 17. Nde2 Qb4 18. Qb3 Qg4 19. Ng3 Be5 20. h3 Qg5 21. Nce4 Qh4 22. Rxc6 Rab8 23. Qd1 Bxg3 24. Nf6+ Kh8 25. Nxe8 Bxf2+ 26. Kd2 Qb4+ 27. Rc3 Qxb2+ 28. Qc2 Rd8+ 0-1

[Event "Collado Villalba Grupo Gallinero op 1st"]
[Site "Collado Villalba"]
[Date "2022.08.12"]
[Round "1"]
[White "Lopez Nunez, Roberto"]
[Black "Rapaport, Andres Natalio"]
[Result "1-0"]
[WhiteElo "1831"]
[BlackElo "1293"]
[PlyCount "81"]
[EventDate "2022.08.12"]
[EventType "swiss"]
[EventRounds "9"]
[EventCountry "ESP"]
[SourceTitle "CBM 210 Extra"]
[Source "ChessBase"]
[SourceDate "2022.11.30"]
[SourceVersion "1"]
[SourceVersionDate "2022.11.30"]
[SourceQuality "1"]

1. e4 c6 2. Nf3 d5 3. Nc3 Bg4 4. exd5 cxd5 5. h3 Bxf3 6. Qxf3 Nf6 7. Be2 e6 8. Qg3 a6 9. d4 Nc6 10. Be3 g6 11. 0-0 Bg7 12. f3 Nh5 13. Qf2 0-0 14. Na4 Qc7 15. c3 Ng3 16. Rfe1 Nxe2+ 17. Qxe2 Ne7 18. Qd2 Nf5 19. Bf4 Qe7 20. Nb6 Rad8 21. a4 a5 22. Qd3 Qh4 23. Bc7 Bh6 24. g4 Ng3 25. Kg2 Nf5 26. gxf5 Bf4 27. Bxf4 Qxf4 28. b4 Qg5+ 29. Kh1 Qg3 30. Re2 Qxh3+ 31. Rh2 Qxf5 32. Qxf5 exf5 33. bxa5 Rfe8 34. Rc2 Re3 35. Kg2 h5 36. Kf2 f4 37. Re1 Rde8 38. Rxe3 fxe3+ 39. Ke2 h4 40. Nxd5 h3 41. Nf6+ 1-0

[Event "Madrid San Viator op-A 29th"]
[Site "Madrid"]
[Date "2017.11.01"]
[Round "7"]
[White "Lopez Nunez, Roberto"]
[Black "Sotoca Aguado, Jose"]
[Result "0-1"]
[WhiteElo "1766"]
[BlackElo "1885"]
[PlyCount "90"]
[EventDate "2017.09.17"]
[EventType "swiss"]
[EventRounds "9"]
[EventCountry "ESP"]
[SourceTitle "EXT 2019"]
[Source "ChessBase"]
[SourceDate "2018.10.10"]
[SourceVersion "1"]
[SourceVersionDate "2018.10.10"]
[SourceQuality "1"]

1. Nf3 d5 2. c4 c6 3. g3 g6 4. Bg2 Bg7 5. 0-0 e5 6. Qa4 Ne7 7. d3 0-0 8. Nc3 Nd7 9. Qa3 Nb6 10. c5 Nd7 11. e4 d4 12. Ne2 Nb8 13. Nd2 Be6 14. f4 f6 15. Nf3 Qd7 16. Bd2 Na6 17. fxe5 fxe5 18. Ng5 Rxf1+ 19. Rxf1 Rf8 20. Rxf8+ Bxf8 21. g4 h6 22. Nxe6 Qxe6 23. h3 Kg7 24. b4 Ng8 25. Ng3 Be7 26. Bf3 Qf7 27. Bd1 Bh4 28. Nh1 Ne7 29. Kg2 Bg5 30. Bb3 Qf6 31. Qb2 Bxd2 32. Qxd2 Nc7 33. Nf2 Ne6 34. Bxe6 Qxe6 35. Nd1 g5 36. Qc2 Ng6 37. Nf2 Qf6 38. Qd1 Qf4 39. a4 Qe3 40. b5 Nf4+ 41. Kf1 Qg3 42. a5 Qg2+ 43. Ke1 Qg1+ 44. Kd2 Qxf2+ 45. Kc1 Ne2+ 0-1

[Event "Madrid San Viator op-A 29th"]
[Site "Madrid"]
[Date "2017.10.22"]
[Round "5"]
[White "Lopez Nunez, Roberto"]
[Black "Campos Tores, Jose Luis"]
[Result "0-1"]
[WhiteElo "1766"]
[BlackElo "1879"]
[PlyCount "66"]
[EventDate "2017.09.17"]
[EventType "swiss"]
[EventRounds "9"]
[EventCountry "ESP"]
[SourceTitle "EXT 2019"]
[Source "ChessBase"]
[SourceDate "2018.10.10"]
[SourceVersion "1"]
[SourceVersionDate "2018.10.10"]
[SourceQuality "1"]

1. Nf3 Nf6 2. c4 g6 3. b4 Bg7 4. Bb2 0-0 5. g3 d6 6. Bg2 e5 7. 0-0 a5 8. a3 axb4 9. axb4 Rxa1 10. Bxa1 Na6 11. b5 Nc5 12. d4 exd4 13. Nxd4 Re8 14. Nd2 Qe7 15. N2b3 Nfd7 16. e3 Ne5 17. Qc2 Ncd7 18. Na5 Nc5 19. Bc3 Ng4 20. Re1 Qf6 21. Re2 Bf5 22. Nxf5 Qxc3 23. Nxg7 Qa1+ 24. Bf1 Qxg7 25. h3 Ne5 26. Bg2 Ra8 27. Qd2 Qh6 28. Re1 Qxh3 29. f4 Qxg3 30. fxe5 Ne4 31. Qb4 b6 32. exd6 cxd6 33. Qb1 Rxa5 0-1

[Event "Madrid San Viator op-A 28th"]
[Site "Madrid"]
[Date "2017.05.07"]
[Round "5"]
[White "Lopez Nunez, Roberto"]
[Black "Cujba, Anca Claudia"]
[Result "1-0"]
[WhiteElo "1877"]
[BlackElo "1760"]
[PlyCount "83"]
[EventDate "2017.03.26"]
[EventType "swiss"]
[EventRounds "9"]
[EventCountry "ESP"]
[SourceTitle "EXT 2018"]
[Source "ChessBase"]
[SourceDate "2017.10.13"]
[SourceVersion "1"]
[SourceVersionDate "2017.10.13"]
[SourceQuality "1"]

1. e4 c5 2. d3 d6 3. g3 g6 4. Bg2 Bg7 5. h4 h5 6. Nf3 Nc6 7. 0-0 e6 8. Nbd2 Nge7 9. a4 0-0 10. Re1 Rb8 11. Nc4 Na5 12. Ne3 b6 13. g4 hxg4 14. Nxg4 Nec6 15. Nh6+ Kh8 16. h5 Ne5 17. Nxe5 Bxe5 18. Qg4 Qf6 19. c3 Qg7 20. Qh3 Qh7 21. Bg5 Bg7 22. hxg6 fxg6 23. e5 d5 24. Re3 Bxh6 25. Bxh6 Rf5 26. Qh4 Ba6 27. Rh3 Kg8 28. Qg4 Qf7 29. Re1 Nc6 30. Qg3 Bxd3 31. Qxd3 Rxf2 32. Bg5 Rf8 33. Bf6 Rxf6 34. exf6 Qxf6 35. Rf3 Ne5 36. Rxe5 Qxe5 37. Qxg6+ Qg7 38. Qxe6+ Rf7 39. Qc8+ Qf8 40. Rg3+ Kh8 41. Rh3+ Kg8 42. Qg4+ 1-0

[Event "Toledo Provincial ch"]
[Site "Toledo"]
[Date "2017.03.05"]
[Round "2"]
[White "Lopez Nunez, Roberto"]
[Black "Amador Andujar, Alfredo"]
[Result "0-1"]
[WhiteElo "1877"]
[BlackElo "1503"]
[PlyCount "118"]
[EventDate "2017.03.05"]
[EventType "swiss"]
[EventRounds "7"]
[EventCountry "ESP"]
[SourceTitle "EXT 2024"]
[Source "ChessBase"]
[SourceDate "2023.10.10"]
[SourceVersion "1"]
[SourceVersionDate "2023.10.10"]
[SourceQuality "1"]

1. e4 c5 2. Nf3 d6 3. d3 Nc6 4. g3 Nf6 5. Bg2 g6 6. Nbd2 Bg7 7. 0-0 0-0 8. a4 Rb8 9. Re1 Nd7 10. h4 a6 11. Nh2 b5 12. axb5 axb5 13. h5 Bb7 14. Ndf3 Ra8 15. Rxa8 Qxa8 16. Ng4 Qa1 17. Qe2 Qa2 18. Bh3 Nde5 19. Nh6+ Kh8 20. Nh2 Nd4 21. Qd1 Qb1 22. N6g4 Qxc2 23. Nxe5 Qxd1 24. Rxd1 Ne2+ 25. Kg2 Nxc1 26. Nxf7+ Rxf7 27. Rxc1 Bxb2 28. Rc2 Bd4 29. Be6 Rf8 30. Nf3 Bf6 31. hxg6 hxg6 32. g4 g5 33. Nh2 Ra8 34. Rc1 Ra3 35. Rd1 Ba6 36. Nf1 b4 37. Ng3 Bxd3 38. Bd5 Bb5 39. Rh1+ Kg7 40. Nf5+ Kf8 41. Rh6 b3 42. Rg6 Ke8 43. Be6 Kd8 44. e5 dxe5 45. Ne3 Bc6+ 46. Kh2 b2 47. Rg8+ Kc7 48. Bf5 Rb3 49. Bb1 Ra3 50. Nc4 Ra1 51. Nd2 Rxb1 52. Nxb1 Be4 53. Na3 b1Q 54. Nxb1 Bxb1 55. Kg2 Bd3 56. Kf3 e4+ 57. Ke3 Bd4+ 58. Kd2 c4 59. Rf8 c3+ 0-1

[Event "Madrid San Viator op-A 27th"]
[Site "Madrid"]
[Date "2016.10.12"]
[Round "4"]
[White "Lopez Nunez, Roberto"]
[Black "Del Noval Nemeshazi, Nesztor"]
[Result "1-0"]
[WhiteElo "1775"]
[BlackElo "1932"]
[PlyCount "45"]
[EventDate "2016.09.25"]
[EventType "swiss"]
[EventRounds "9"]
[EventCountry "ESP"]
[SourceTitle "EXT 2017"]
[Source "ChessBase"]
[SourceDate "2016.10.25"]
[SourceVersion "1"]
[SourceVersionDate "2016.10.25"]
[SourceQuality "1"]

1. e4 c5 2. Nc3 d6 3. g3 g6 4. Bg2 Bg7 5. f4 Nc6 6. Nf3 e6 7. 0-0 Nge7 8. d3 0-0 9. Qe2 Nd4 10. Qf2 Nec6 11. Nd1 f5 12. c3 Nxf3+ 13. Bxf3 Qc7 14. Ne3 Ne7 15. Re1 fxe4 16. dxe4 e5 17. fxe5 dxe5 18. Qe2 b5 19. a4 bxa4 20. Bg4 Bb7 21. Rxa4 Bc6 22. Ra1 Bxe4 23. Qc4+ 1-0

[Event "ESP-ch U16"]
[Site "Granada"]
[Date "2016.07.18"]
[Round "1"]
[White "Orantes Taboada, Francisco"]
[Black "Lopez Nunez, Roberto"]
[Result "1-0"]
[WhiteElo "2242"]
[BlackElo "1855"]
[PlyCount "25"]
[EventDate "2016.07.18"]
[EventType "swiss"]
[EventRounds "9"]
[EventCountry "ESP"]
[SourceTitle "EXT 2024"]
[Source "ChessBase"]
[SourceDate "2023.10.10"]
[SourceVersion "1"]
[SourceVersionDate "2023.10.10"]
[SourceQuality "1"]

1. e4 c5 2. Nc3 Nc6 3. Nge2 g6 4. g3 Bg7 5. Bg2 Nf6 6. 0-0 0-0 7. d3 d6 8. h3 Rb8 9. a4 a6 10. f4 b5 11. e5 Bxh3 12. exf6 Bxg2 13. fxg7 1-0

[Event "Madrid San Viator op-B 26th"]
[Site "Madrid"]
[Date "2016.06.05"]
[Round "9"]
[White "Benitez Cadenas, Luis Miguel"]
[Black "Lopez Nunez, Roberto"]
[Result "0-1"]
[WhiteElo "1663"]
[BlackElo "1482"]
[PlyCount "96"]
[EventDate "2016.04.03"]
[EventType "swiss"]
[EventRounds "9"]
[EventCountry "ESP"]
[SourceTitle "EXT 2017"]
[Source "ChessBase"]
[SourceDate "2016.10.25"]
[SourceVersion "1"]
[SourceVersionDate "2016.10.25"]
[SourceQuality "1"]

1. d4 Nf6 2. Nf3 c5 3. e3 e6 4. Nbd2 d5 5. c3 Nbd7 6. Bd3 Bd6 7. 0-0 0-0 8. Re1 c4 9. Bc2 b5 10. e4 Be7 11. e5 Ne8 12. Re3 Nc7 13. Ne1 g6 14. Rg3 f5 15. exf6 Bxf6 16. Qg4 Bg7 17. Ndf3 Nf6 18. Qg5 Nh5 19. Qxd8 Rxd8 20. Rh3 e5 21. Rxh5 gxh5 22. Nxe5 Re8 23. f4 a5 24. N1f3 Bg4 25. Ng5 Bxe5 26. Bxh7+ Kg7 27. fxe5 Ne6 28. Bc2 Rf8 29. Nh7 Rfd8 30. Nf6 Kf7 31. h3 Be2 32. Kf2 Bd3 33. Bd1 b4 34. Bxh5+ Kg7 35. Ne8+ Rxe8 36. Bxe8 Rxe8 37. cxb4 axb4 38. Bd2 Nxd4 39. Bf4 Rf8 40. g3 Ne2 41. Ke3 d4+ 42. Kf3 c3 43. bxc3 bxc3 44. Re1 Nxf4 45. gxf4 Ba6 46. Rg1+ Kf7 47. Kf2 Rh8 48. Rg3 c2 0-1

[Event "Madrid San Viator op-B 26th"]
[Site "Madrid"]
[Date "2016.04.17"]
[Round "3"]
[White "Gutierrez Garcia, Alberto"]
[Black "Lopez Nunez, Roberto"]
[Result "0-1"]
[WhiteElo "1675"]
[BlackElo "1482"]
[PlyCount "84"]
[EventDate "2016.04.03"]
[EventType "swiss"]
[EventRounds "9"]
[EventCountry "ESP"]
[SourceTitle "EXT 2017"]
[Source "ChessBase"]
[SourceDate "2016.10.25"]
[SourceVersion "1"]
[SourceVersionDate "2016.10.25"]
[SourceQuality "1"]

1. e4 c5 2. Nf3 d6 3. Nc3 Nf6 4. Bc4 Nc6 5. d4 cxd4 6. Nxd4 g6 7. 0-0 Bg7 8. Kh1 0-0 9. Nxc6 bxc6 10. f3 Qb6 11. Bb3 Nd7 12. Bg5 Re8 13. Rb1 Nc5 14. Be3 Qa5 15. Bd4 Bh6 16. f4 Nxb3 17. axb3 c5 18. Ra1 Qc7 19. Nd5 Qc6 20. Bg1 Bg7 21. f5 Bxb2 22. Ra2 Be5 23. Qf3 f6 24. Be3 Bb7 25. Bh6 c4 26. fxg6 hxg6 27. Qg4 Kf7 28. h4 Rh8 29. Bf4 cxb3 30. cxb3 Qb5 31. Raf2 Bxd5 32. Bxe5 dxe5 33. exd5 Qxd5 34. b4 Qe6 35. Qe4 Rad8 36. Kg1 Rd4 37. Qb7 Rd7 38. Qe4 Qd5 39. Qg4 Qd4 40. Qxd4 Rxd4 41. Ra2 Rxb4 42. Rxa7 Rbxh4 0-1

[Event "Madrid San Viator op-B 25th"]
[Site "Madrid"]
[Date "2015.11.22"]
[Round "9"]
[White "Lopez Nunez, Roberto"]
[Black "Jimenez Manzano, Emiliano"]
[Result "0-1"]
[WhiteElo "1405"]
[BlackElo "1550"]
[PlyCount "138"]
[EventDate "2015.10.04"]
[EventType "swiss"]
[EventRounds "9"]
[EventCountry "ESP"]
[SourceTitle "EXT 2019"]
[Source "ChessBase"]
[SourceDate "2018.10.10"]
[SourceVersion "1"]
[SourceVersionDate "2018.10.10"]
[SourceQuality "1"]

1. e4 d5 2. exd5 Qxd5 3. Nc3 Qd8 4. Bc4 e6 5. d3 Nf6 6. Nf3 Be7 7. 0-0 0-0 8. Bf4 Bd6 9. Bg3 Bxg3 10. hxg3 c6 11. a4 Nbd7 12. Qe2 Nb6 13. Bb3 Re8 14. Ne4 Nbd7 15. Nfd2 Qe7 16. Kh2 Nxe4 17. Nxe4 Nc5 18. Rh1 Nxb3 19. cxb3 f5 20. Nd2 Qg5 21. Kg1 b6 22. Nc4 Qf6 23. f4 Ba6 24. Ne5 c5 25. Qh5 h6 26. Qf3 Rab8 27. Qf2 Rbd8 28. Rd1 Bb7 29. a5 Bd5 30. Qc2 Qe7 31. axb6 axb6 32. Kf2 Ra8 33. Ra1 Rxa1 34. Rxa1 Ra8 35. Rxa8+ Bxa8 36. Qc4 Qd6 37. b4 Qd5 38. Qxd5 exd5 39. b5 Bb7 40. Nd7 Kf7 41. Nxb6 Ke6 42. Na4 Kd6 43. Ke3 d4+ 44. Kf2 g5 45. b3 g4 46. Nb2 Bc8 47. Nc4+ Kc7 48. Ke2 Bd7 49. b6+ Kb7 50. Ne5 Be6 51. Nc4 Bxc4 52. bxc4 Kxb6 53. Kd1 Ka5 54. Kc1 Kb4 55. Kb2 h5 56. Kc2 Ka3 57. Kc1 Kb3 58. Kd1 Kc3 59. Kc1 Kxd3 60. Kd1 Kxc4 61. Kc2 d3+ 62. Kd2 Kd4 63. Kd1 Ke3 64. Ke1 c4 65. Kf1 d2 66. Kg1 d1Q+ 67. Kh2 h4 68. gxh4 Kf2 69. h5 Qg1# 0-1

[Event "Madrid San Viator op-B 25th"]
[Site "Madrid"]
[Date "2015.11.01"]
[Round "6"]
[White "Lopez Nunez, Roberto"]
[Black "Cabezas Lopez, Mercedes"]
[Result "1/2-1/2"]
[WhiteElo "1405"]
[BlackElo "1605"]
[PlyCount "74"]
[EventDate "2015.10.04"]
[EventType "swiss"]
[EventRounds "9"]
[EventCountry "ESP"]
[SourceTitle "EXT 2019"]
[Source "ChessBase"]
[SourceDate "2018.10.10"]
[SourceVersion "1"]
[SourceVersionDate "2018.10.10"]
[SourceQuality "1"]

1. e4 c5 2. Nf3 Nc6 3. Bb5 a6 4. Bxc6 bxc6 5. Nc3 Nf6 6. d3 d6 7. 0-0 Bg4 8. Qe2 e6 9. Qe3 Be7 10. e5 Nd5 11. Nxd5 cxd5 12. exd6 Bxd6 13. Ne5 d4 14. Qe4 Bf5 15. Qc6+ Ke7 16. Qb7+ Qc7 17. Qxc7+ Bxc7 18. Bf4 Bxe5 19. Bxe5 f6 20. Bc7 Rac8 21. Bb6 Rc6 22. Ba5 Rb8 23. b3 Rb5 24. Bd2 Rb8 25. f4 h6 26. Rfe1 Kf7 27. h3 h5 28. Rf1 Re8 29. Rae1 Kg8 30. Re2 Re7 31. Ba5 Bh7 32. g4 hxg4 33. hxg4 g6 34. Bd8 Rf7 35. Rfe1 Rf8 36. Ba5 Re8 37. Bd2 Kf7 1/2-1/2

[Event "Madrid San Viator op-B 25th"]
[Site "Madrid"]
[Date "2015.10.25"]
[Round "5"]
[White "Lopez Nunez, Roberto"]
[Black "Rendo Quindos, Pedro"]
[Result "1-0"]
[WhiteElo "1405"]
[BlackElo "1662"]
[PlyCount "129"]
[EventDate "2015.10.04"]
[EventType "swiss"]
[EventRounds "9"]
[EventCountry "ESP"]
[SourceTitle "EXT 2019"]
[Source "ChessBase"]
[SourceDate "2018.10.10"]
[SourceVersion "1"]
[SourceVersionDate "2018.10.10"]
[SourceQuality "1"]

1. e4 e5 2. f4 d5 3. exd5 e4 4. Nc3 Nf6 5. d3 Nxd5 6. Nxe4 Nc6 7. Nf3 Be7 8. Be2 Be6 9. a3 Qd7 10. 0-0 Nf6 11. Be3 Nxe4 12. dxe4 Qxd1 13. Rfxd1 Rd8 14. f5 Bd7 15. Bf4 Bc5+ 16. Kf1 Bb6 17. b4 0-0 18. Bc4 h6 19. c3 Rfe8 20. Bd3 a6 21. a4 a5 22. b5 Ne7 23. Bc4 Nc8 24. Bd3 c6 25. g4 cxb5 26. axb5 Ne7 27. Bc4 Bc8 28. Ne5 Rxd1+ 29. Rxd1 Rf8 30. g5 hxg5 31. Bxg5 Bc5 32. Kg2 b6 33. f6 gxf6 34. Bxf6 Be6 35. Be2 Ng6 36. Kf3 a4 37. Nd3 Be7 38. Bxe7 Nxe7 39. Rg1+ Kh7 40. Ra1 Bb3 41. Ke3 Ra8 42. Ne5 f5 43. Bc4 Rc8 44. Kd4 fxe4 45. Bxb3 axb3 46. Rb1 e3 47. Kxe3 Rxc3+ 48. Kd4 Rh3 49. Nc6 Nf5+ 50. Ke5 Nh4 51. Kf4 Nf3 52. Rxb3 Ng1 53. Rxh3+ Nxh3+ 54. Ke5 Nf2 55. Na7 Nd3+ 56. Kd4 Nc5 57. Nc8 Na4 58. Kc4 Kh6 59. Kb4 Nc5 60. Nxb6 Nb7 61. Nc4 Kh5 62. Na5 Nd8 63. Kc5 Ne6+ 64. Kd6 Nd4 65. b6 1-0

[Event "Madrid San Viator op-B 25th"]
[Site "Madrid"]
[Date "2015.10.11"]
[Round "2"]
[White "Alameda Arellano, Cristeto"]
[Black "Lopez Nunez, Roberto"]
[Result "1/2-1/2"]
[WhiteElo "1545"]
[BlackElo "1405"]
[PlyCount "68"]
[EventDate "2015.10.04"]
[EventType "swiss"]
[EventRounds "9"]
[EventCountry "ESP"]
[SourceTitle "EXT 2019"]
[Source "ChessBase"]
[SourceDate "2018.10.10"]
[SourceVersion "1"]
[SourceVersionDate "2018.10.10"]
[SourceQuality "1"]

1. d4 Nf6 2. c4 e6 3. Nc3 d5 4. Nf3 Nbd7 5. Bg5 Be7 6. e3 0-0 7. Bd3 h6 8. Bh4 b6 9. 0-0 Bb7 10. cxd5 Nxd5 11. Bxe7 Qxe7 12. e4 Nf4 13. Bc2 Ba6 14. Re1 Rad8 15. Qd2 Ng6 16. Rad1 Nde5 17. Nxe5 Nxe5 18. Qf4 Nc4 19. Qc1 Qb4 20. Bb3 Na5 21. Bc2 Rxd4 22. a3 Rxd1 23. Rxd1 Qe7 24. b4 Nc4 25. Bd3 b5 26. Nxb5 Bxb5 27. Bxc4 Bxc4 28. Qxc4 Rd8 29. Rxd8+ Qxd8 30. g3 Qd6 31. Kg2 Kf8 32. Kf3 Ke7 33. Ke3 f6 34. f4 g5 1/2-1/2